000 00572nam a2200205Ia 4500
003 GCL
008 140319s9999 xx 000 0 eng d
040 _aGCL /
_cGCL
082 0 4 _a769.924
_bC D
100 1 _aCULLIFORD, BARBARA
245 1 0 _aDAVID ROBERTS FROM AN ANTIQUE LAND: TROVELS IN EGYPT AND THE HOLY LAND /
_cCULLIFORD, BARBARA
700 1 _aGUITERMAN, HELEN
260 _a[S.N] :
_bWEIDENFELD AND NICOLEON ،
_c1989
650 0 4 _aEGYPT
650 0 4 _aLITHOGRAPHY
650 0 4 _aTRAVEL
650 0 4 _aPALESTINE - ART
650 0 4 _aDAIRIES
942 _2ddc
_cBK
999 _c22068
_d22068